| 000 | 01301aab a2200241 i 4500 | ||
|---|---|---|---|
| 001 | 768714001 | ||
| 003 | CO-MdFUSB | ||
| 005 | 20240716145716.0 | ||
| 008 | 240716t2008 sz ||||| |||| 00| 0 eng d | ||
| 040 |
_bspa _cCO-MdFUSB |
||
| 041 | _aeng | ||
| 100 | 1 |
_aBoesak, Allan _eautor |
|
| 245 | 1 | 0 |
_a"My power and the might of my own hand": _bunremembering as ideological tool _c/ Allan Boesak |
| 520 | _aAl revisar las luchas por la liberación de Sudáfrica, Boesak cuestiona el trabajo de los historiadores que niegan el papel fundamental de la iglesia y el marco espiritual que sustenta la lucha de liberación de Sudáfrica. Desenmascara el proceso de "desrecordación" como un acto político con fines de "domesticación y control". Al desenmascarar este proceso, Boesak reclama no sólo el lugar del pueblo fiel de Dios en la lucha por la liberación; también reclama el lugar mismo de Dios en la liberación de Sudáfrica. | ||
| 546 | _aTexto en inglés. | ||
| 650 | 1 | 0 |
_aReforma de la iglesia _9958 |
| 650 | 1 | 7 |
_aTeología de la liberación _9449 |
| 650 | 1 | 7 |
_aIglesia _9655 |
| 650 | 1 | 7 |
_aDerechos humanos _9296 |
| 773 | 0 |
_tReformed World _049396 _959499 _gVolumen 58, (número 1, 2008) páginas: 12 - 27 _qpágina: 12 |
|
| 942 | _cANA | ||
| 945 | _aCatherine Arias Álvarez - Practicante SENA | ||
| 999 |
_c62574 _d62574 |
||